[Event "Roquetas de Mar op 33rd"]
[Site "Roquetas de Mar"]
[Date "2022.01.04"]
[Round "1.41"]
[White "Galiano Martinez, Antonio"]
[Black "Grieve, Harry"]
[Result "0-1"]
[WhiteElo "1867"]
[BlackElo "2330"]
[PlyCount "40"]
[EventDate "2022.01.04"]
[EventType "swiss"]
[EventRounds "9"]
[EventCountry "ESP"]
[SourceTitle "EXT 2023"]
[Source "ChessBase"]
[SourceDate "2022.10.05"]
[SourceVersion "1"]
[SourceVersionDate "2022.10.05"]
[SourceQuality "1"]

1. d4 d5 2. c4 e6 3. Nf3 c6 4. Nbd2 f5 5. g3 Nf6 6. Bg2 Bd6 7. 0-0 Nbd7 8. Qc2 Ne4 9. a3 0-0 10. b4 b5 11. c5 Bc7 12. a4 Ba6 13. Nxe4 fxe4 14. Ng5 Qe8 15. Bh3 Rf6 16. f3 h6 17. Nxe4 dxe4 18. Qxe4 Nf8 19. Bb2 bxa4 20. Ra3 Bb5 0-1